01388agaaa2200289 45000010005000000030009000050050017000140070009000310080040000400400023000800410013001031000043001161300031001592450236001902500022004262600104004483000034005525080149005865110076007355200030008115380016008415460013008576500056008707000060009267000055009867000057010416386IT-RoPAU20220918181244.0d cvaizq50131s9999||||xx ||| | || ||und|| aIT-RoPAUcIT-RoPAU aITALIANO aWenders WimgCodice regista SPICS: 499 aCOSI' LONTANO COSI' VICINO aCOSI' LONTANO COSI' VICINOcProdotto da: Wenders Wim -- Sceneggiatura: Wenders Wim Zieger Ulrich Reitinger Richard -- Diretto da: Wenders WimpSWEET GEORGIA BROWN (NEW YORK, 25 SETTEMBRE 1944) (Rif. Codice opera principale : D3686) aEdizione Standard aBERLINO (GERMANIA)bROAD MOVIES FILMPRODUKTIONS / g"1993 (1° ed.: 1995 ; Ed. Lingua Orig.: 1993)" aVHSbsonoro, col.c146 minuti a"Fotografia: Jurges Jurgen; Montaggio: Przygodda Peter; Musica: Petitgand Laurent; Sceneggiatura: Wenders Wim Zieger Ulrich Reitinger Richard; " a"Sander Otto; Falk Peter; Buchholz Horst; Kinski Nastassja; Ganz Bruno" aFILM DRAMMATICO A COLORI. aPAL, STEREO aITALIANO aDRAMMATICOeFILMS [VHS]xCodice MATERIA SPICS: 9960 aPetitgand Laurente(musica)gCodice Musica SPICS: 45497 aWenders Wim e(regista)gCodice regista SPICS: 499 aWenders Wim e(soggetto)gCodice Soggetto SPICS: 499